Gramática Latina

Guardado en:
Bibliografiske detaljer
Hovedforfatter: Penagos, Luis
Format: Bog
Sprog:Undetermined
Udgivet: Santander, España Sal Terrae 1964
Udgivelse:16
Fag:
Tags: Tilføj Tag
Ingen Tags, Vær først til at tagge denne postø!

MARC

LEADER 00000nam a2200000Ia 4500
008 170316s9999 xx 000 0 und d
090 |a 415-L P-1g 
100 |a Penagos, Luis 
245 |a Gramática Latina 
250 |a 16 
260 |a Santander, España 
260 |b Sal Terrae 
260 |c 1964 
300 |a 158 páginas 
650 |a GRAMÁTICA LATINA 
999 |c 19637  |d 19637 
040 |a cru BVZT 
942 |c 15 D  |h 415-L P-1g  |2 z